000 00497nam a22001697a 4500
003 BD-ChCU
005 20251124141048.0
008 251124b bg ||||| |||| 00| 0 ben d
040 _cBD-ChCU
082 _a370.190973 SPA
100 _aSpring , Joel.
_916786
245 _aAmerican education :
_ban introduction to social and political aspects ./
_cJoel , Spring .
260 _aNew York :
_bLongman ,
_cC 1978
300 _avi , 234p
650 0 _aEducation - U.S.
_916788
942 _2ddc
_cBK
_n0
999 _c109772
_d109772